<?xml version="1.0" encoding="UTF-8"?>
<record
    xmlns:xsi="http://www.w3.org/2001/XMLSchema-instance"
    xsi:schemaLocation="http://www.loc.gov/MARC21/slim http://www.loc.gov/standards/marcxml/schema/MARC21slim.xsd"
    xmlns="http://www.loc.gov/MARC21/slim">

  <leader>03297nam a2200433Ii 4500</leader>
  <controlfield tag="001">DIGSLX2039</controlfield>
  <controlfield tag="003">NyNyDIG</controlfield>
  <controlfield tag="006">m     o  d        </controlfield>
  <controlfield tag="007">cr |||||||||||</controlfield>
  <controlfield tag="008">100625s2011    sp a    ob    000 0 spa d</controlfield>
  <datafield tag="020" ind1=" " ind2=" ">
    <subfield code="a">9788477374503</subfield>
    <subfield code="q">(eBook)</subfield>
  </datafield>
  <datafield tag="020" ind1=" " ind2=" ">
    <subfield code="z">847737449x</subfield>
  </datafield>
  <datafield tag="020" ind1=" " ind2=" ">
    <subfield code="z">9788477374497</subfield>
  </datafield>
  <datafield tag="035" ind1=" " ind2=" ">
    <subfield code="a">(OCoLC)888278722</subfield>
  </datafield>
  <datafield tag="040" ind1=" " ind2=" ">
    <subfield code="a">DGITA</subfield>
    <subfield code="b">eng</subfield>
    <subfield code="e">pn</subfield>
    <subfield code="c">DGITA</subfield>
  </datafield>
  <datafield tag="043" ind1=" " ind2=" ">
    <subfield code="a">e------</subfield>
  </datafield>
  <datafield tag="050" ind1="1" ind2="4">
    <subfield code="a">HX806 eBook</subfield>
  </datafield>
  <datafield tag="245" ind1="0" ind2="0">
    <subfield code="a">Medievo ut&#xF3;pico :</subfield>
    <subfield code="b">sue&#xF1;os, ideales y utop&#xED;as en el imaginario medieval /</subfield>
    <subfield code="c">Mart&#xED;n Alvira Cabrer y Jorge D&#xED;az Ib&#xE1;&#xF1;ez (coords.).</subfield>
  </datafield>
  <datafield tag="264" ind1=" " ind2="1">
    <subfield code="a">Madrid :</subfield>
    <subfield code="b">S&#xED;lex,</subfield>
    <subfield code="c">2011.</subfield>
  </datafield>
  <datafield tag="300" ind1=" " ind2=" ">
    <subfield code="a">1 online resource (304 pages) :</subfield>
    <subfield code="b">ill.</subfield>
  </datafield>
  <datafield tag="336" ind1=" " ind2=" ">
    <subfield code="a">text</subfield>
    <subfield code="b">txt</subfield>
    <subfield code="2">rdacontent</subfield>
  </datafield>
  <datafield tag="337" ind1=" " ind2=" ">
    <subfield code="a">computer</subfield>
    <subfield code="b">c</subfield>
    <subfield code="2">rdamedia</subfield>
  </datafield>
  <datafield tag="338" ind1=" " ind2=" ">
    <subfield code="a">online resource</subfield>
    <subfield code="b">cr</subfield>
    <subfield code="2">rdacarrier</subfield>
  </datafield>
  <datafield tag="490" ind1="1" ind2=" ">
    <subfield code="a">S&#xED;lex universidad.</subfield>
  </datafield>
  <datafield tag="504" ind1=" " ind2=" ">
    <subfield code="a">Includes bibliographical references.</subfield>
  </datafield>
  <datafield tag="505" ind1="0" ind2=" ">
    <subfield code="a">Presentaci&#xF3;n / Jos&#xE9; Manuel Nieto Soria -- 1. El sue&#xF1;o en la Edad Media cristiana: categor&#xED;as y t&#xF3;picos esenciales / Isabel Garc&#xED;a-Monge Carretero -- 2. Las visiones ut&#xF3;picas de Beato de Li&#xE9;bana / Mar&#xED;a Isabel P&#xE9;rez de Tudela Velasco -- 3. Dos voces femeninas en la Castilla del siglo xv: sue&#xF1;os y visiones de los criptojud&#xED;os / Mar&#xED;a del Pilar R&#xE1;bade Obrad&#xF3; -- 4. El reino animal como gobierno ut&#xF3;pico en la Castilla bajomedieval (siglos xiii-xv) / David Nogales Rinc&#xF3;n -- 5. Los &#xE1;ngeles: una utop&#xED;a celestial en el Medievo, seg&#xFA;n La Leyenda Dorada de Santiago de la Vor&#xE1;gine / Esther Gonz&#xE1;lez Crespo -- 6. Frontera y claustro: fortalezas de la fe, utop&#xED;as m&#xED;sticas Pro Servitio Regem Christianorum en el espacio del Duero / Marisa Bueno S&#xE1;nchez -- 7. La "Ciudad Excelente" de al-F&#xE2;r&#xE2;b&#xEE; / Rafael Ram&#xF3;n Guerrero -- 8. La utop&#xED;a pol&#xED;tica en el &#xE1;mbito urbano / Mar&#xED;a Asenjo Gonz&#xE1;lez -- 9. Si&#x2022;S Volia Conservar En Sa Bona Fortuna... La sociedad perfecta, el buen gobierno y la ciudad ideal -- seg&#xFA;n las tesis de Francesc Eiximenis / Eduard Juncosa Bonet -- 10. El sue&#xF1;o de Alain Chartier. Patria, Rep&#xFA;blica y Bien Com&#xFA;n, aspiraciones ut&#xF3;picas en Francia y en Castilla (siglo xv) / Ana Isabel Carrasco Manchado -- 11. El Medievo como utop&#xED;a pol&#xED;tica en los or&#xED;genes de la Espa&#xF1;a contempor&#xE1;nea / Jos&#xE9; Manuel Nieto Soria -- 12. Roma, Caput Mundi O Mater Ecclesiae. &#xBF;Un S&#xED;sifo pol&#xED;tico-religioso medieval? / Emilio Mitre Fern&#xE1;ndez -- 13. El gobierno de la Iglesia en su dimensi&#xF3;n ut&#xF3;pica: el obispo ideal / Jorge D&#xED;az Ib&#xE1;&#xF1;ez -- 14. Utop&#xED;a y honor en el universo nobiliario. El Tois&#xF3;n de Oro y la Grandeza / Mar&#xED;a Concepci&#xF3;n Quintanilla Raso -- 15. Guerra y caballer&#xED;a: utop&#xED;a y realidad / Mart&#xED;n Alvira Cabrer -- 15. La caballer&#xED;a ut&#xF3;pica en el siglo xii: san Bernardo de Claraval y el Elogio De La Nueva Milicia / Carlos Barquero Go&#xF1;i</subfield>
  </datafield>
  <datafield tag="650" ind1=" " ind2="0">
    <subfield code="a">Utopias</subfield>
    <subfield code="z">Europe.</subfield>
  </datafield>
  <datafield tag="650" ind1=" " ind2="0">
    <subfield code="a">Civilization, Medieval.</subfield>
  </datafield>
  <datafield tag="650" ind1=" " ind2="0">
    <subfield code="a">Middle Ages.</subfield>
  </datafield>
  <datafield tag="655" ind1=" " ind2="0">
    <subfield code="a">Electronic books.</subfield>
  </datafield>
  <datafield tag="700" ind1="1" ind2=" ">
    <subfield code="a">Alvira Cabrer, Mart&#xED;n.</subfield>
  </datafield>
  <datafield tag="700" ind1="1" ind2=" ">
    <subfield code="a">D&#xED;az Ib&#xE1;&#xF1;ez, Jorge.</subfield>
  </datafield>
  <datafield tag="791" ind1="2" ind2=" ">
    <subfield code="a">Digitalia (Firm),</subfield>
    <subfield code="e">distributor.</subfield>
  </datafield>
  <datafield tag="830" ind1=" " ind2="0">
    <subfield code="a">S&#xED;lex universidad.</subfield>
  </datafield>
  <datafield tag="793" ind1="0" ind2=" ">
    <subfield code="g">Digitalia eBook Collection:</subfield>
    <subfield code="a">S&#xED;lex.</subfield>
  </datafield>
  <datafield tag="856" ind1="4" ind2="0">
    <subfield code="3">Digitalia Hisp&#xE1;nica</subfield>
    <subfield code="u">https://www.digitaliapublishing.com/a/9910/</subfield>
  </datafield>
  <datafield tag="910" ind1=" " ind2=" ">
    <subfield code="a">Premium Collection: 2007-2012</subfield>
  </datafield>
  <datafield tag="942" ind1=" " ind2=" ">
    <subfield code="c">RAA</subfield>
  </datafield>
  <datafield tag="952" ind1=" " ind2=" ">
    <subfield code="0">0</subfield>
    <subfield code="1">0</subfield>
    <subfield code="4">0</subfield>
    <subfield code="7">0</subfield>
    <subfield code="8">DEH</subfield>
    <subfield code="a">BD-UIN</subfield>
    <subfield code="b">BD-UIN</subfield>
    <subfield code="d">2025-04-25</subfield>
    <subfield code="l">0</subfield>
    <subfield code="r">2025-04-25</subfield>
    <subfield code="w">2025-04-25</subfield>
    <subfield code="y">RAA</subfield>
  </datafield>
  <datafield tag="999" ind1=" " ind2=" ">
    <subfield code="c">232276</subfield>
    <subfield code="d">232276</subfield>
  </datafield>
</record>
